000 008540000a22002290004500
090 _aAR
_b02355
245 1 0 _aStudies on Cicindelids. LVII. Additions to the fauna of New Guinea, and re-depository of some type specimens (<Coleoptera: Cicindelidae>)
650 1 4 _aEntomología
_94483
650 1 4 _aNuevas especies
_992905
650 1 4 _aColeópteros
_97857
650 1 4 _aTaxonomía animal
_98245
650 1 4 _aMorfología animal
_99953
651 4 _pNueva Guinea
_992749
651 4 _pAustralia
_992749
653 _fCicindelidae
_gCaledonomorpha
_eCaledonomorpha ullrichi
653 _fCicindelidae
_gCaledonomorpha
_eCaledonomorpha loebli
653 _fCicindelidae
_gCaledonomorpha
_eCaledonomorpha poggii
041 0 _aInglés
100 1 _aCassola, Fabio
_99428
942 _cARTICULO
773 1 _tRevue Suisse de Zoologie
_3344
_h4
_q803-810
_d1989
_g96
999 _c11426
_d11426